000 00518nam a2200217Ia 4500
005 20250425161504.0
008 250425s9999 xx 000 0 und d
020 _a576S7911
041 _aspa
082 _a574
100 _aPALLERONI, NORBERTO
245 0 _aPRINCIPIOS GENERALES DE MICROBIOLOGIA
250 _a1A ED.
260 _aEstados Unidos
_bOEA
_c1980
260 _aWASHINGTON
300 _a143
500 _aSERIE DE BIOLOGÍA Nº 7
650 _aMICROBIOLOGIA
942 _c01
010 _a21426
999 _c210253
_d210253